000 nam a22 7a 4500
999 _c7737
_d7737
008 171005b xxu||||| |||| 00| 0 eng d
100 _94219
_aRachna.M.
245 _aBusiness Studies
260 _aNew Delhi
_bJPH
_c2009